Statistics for Bloodiest Wars In History

Click here to take the quiz!

General Stats

  • This quiz has been taken 452 times
  • The average score is 6 of 10

Answer Stats

CasualtiesWar% Correct
85,000,000World War II
98%
65,000,000World War I
90%
36,000,000An Lushan Rebellion (China)
64%
40,000,000Three Kingdoms War (China)
61%
100,000,000Taiping Rebellion (China)
58%
40,000,000Mongol Conquests
56%
20,000,000Timur-e-Lang Conquests
51%
100,000,000European Colonial Wars in the Americas
44%
25,000,000Qing Conquest of Ming
38%
270,000,000British Indian Conquests
24%

Score Distribution

Percentile by Number Answered

Percent of People with Each Score

Your Score History

You have not taken this quiz